00803nam a2200181Ia 4500008004100000020001500041050002000056245005700076250001800133260012100151300003500272490001700307500007200324500003600396505013700432650002100569700003100590120626s1987 mx a 000 0 spa d a968837878X aTR850bT43 1987 aTecnología del cine c/ compilador Julio, Haquette a2a. edición aMéxicob: Universidad Nacional Autónoma de México: Centro Universitario de Estudios Cinematográficosc, 1987 a180 páginasb: ilustraciones aTextos v: 1 aA la cabeza de la portada: Materiales de Extensión Universitaria  aIncluye: Indice, Introducción aLa luz Exposición Objetivos Teleobjetivos Sensitometría Reproducción de las tonalidades Filtros Iluminación  0aCINEMATOGRAFÍA aHaquette Julioecompilador